| 000 | 00426cam a2200169ua 4500 | ||
|---|---|---|---|
| 003 | OSt | ||
| 008 | 250101b |||||||| |||| 00| 0 eng d | ||
| 020 | _a0-273-01759-4 | ||
| 041 | _aeng | ||
| 082 |
_a621.37 _bCOL/EN |
||
| 100 |
_aCollett, C.V . _96693 |
||
| 245 | _aEngineering measurement / | ||
| 260 |
_aLondon : _bEnglish Language Book Society , _c1983. |
||
| 300 | _a ; . | ||
| 700 | 1 |
_aHope, A.D . _96694 |
|
| 942 | _cBK | ||
| 999 |
_c1491 _d1491 |
||